书目信息 |
| 题名: |
住宅工程质量潜在缺陷风险管理标准
|
|
| 作者: | 金磊铭 起草 ;上海建科工程咨询公司 , 上海市建设工程安全质量监督总站 , 同济大学 主编 | |
| 分册: | ||
| 出版信息: | 上海 同济大学出版社 2021.06 |
|
| 页数: | 57页 | |
| 开本: | 21cm | |
| 丛书名: | 上海市工程建设规范 | |
| 单 册: | ||
| 中图分类: | TU712.5-65 | |
| 科图分类: | ||
| 主题词: | 住宅--zhu zhai--工程质量--风险管理--标准--中国 | |
| 电子资源: | ||
| ISBN: | 978-7-5608-9130-9 | |
| 000 | 01698nam 2200337 450 | |
| 001 | 202021193848 | |
| 005 | 20211025120142.0 | |
| 010 | @a978-7-5608-9130-9@dCNY20.00 | |
| 094 | @aCN@bDG/TJ 08-2346-2020 J 15645-2021 | |
| 100 | @a20211002d2021 em y0chiy50 ea | |
| 101 | 0 | @achi@eeng |
| 102 | @aCN@b310000 | |
| 105 | @aak l 000yy | |
| 106 | @ar | |
| 200 | 1 | @a住宅工程质量潜在缺陷风险管理标准@Azhu zhai gong cheng zhi liang qian zai que xian feng xian guan li biao zhun@d= Risk management standard of inherent defects insurance for residential projects@f主编单位上海建科工程咨询有限公司, 上海市建设工程安全质量监督总站, 同济大学城市风险管理研究院@zeng |
| 210 | @a上海@c同济大学出版社@d2021.06 | |
| 215 | @a57页@c图@d21cm | |
| 225 | 2 | @a上海市工程建设规范@Ashang hai shi gong cheng jian she gui fan |
| 300 | @a上海市住房和城乡建设管理委员会发布 2020-11-20发布 2021-05-01实施 | |
| 314 | @a起草人: 金磊铭 ... [等] | |
| 330 | @a为规范本市住宅工程质量潜在缺陷风险管理工作, 提升本市住宅工程整体质量水平, 制定本标准。 | |
| 410 | 0 | @12001 @a上海市工程建设规范 |
| 510 | 1 | @aRisk management standard of inherent defects insurance for residential projects@zeng |
| 606 | 0 | @a住宅@Azhu zhai@x工程质量@x风险管理@x标准@y中国 |
| 690 | @aTU712.5-65@v5 | |
| 701 | 0 | @a金磊铭@Ajin lei ming@4起草 |
| 712 | 02 | @a上海建科工程咨询公司@Ashang hai jian ke gong cheng zi xun gong si@4主编 |
| 712 | 02 | @a上海市建设工程安全质量监督总站@Ashang hai shi jian she gong cheng an quan zhi liang jian du zong zhan@4主编 |
| 712 | 02 | @a同济大学@Atong ji da xue@b城市风险管理研究院@Bcheng shi feng xian guan li yan jiu yuan@4主编 |
| 801 | 0 | @aCN@c20210909 |
| 905 | @a河南城建学院图书馆@dTU712.5-65@eJ784 | |
| 住宅工程质量潜在缺陷风险管理标准= Risk management standard of inherent defects insurance for residential projects/主编单位上海建科工程咨询有限公司, 上海市建设工程安全质量监督总站, 同济大学城市风险管理研究院.-上海:同济大学出版社,2021.06 |
| 57页:图;21cm.-(上海市工程建设规范) |
| 上海市住房和城乡建设管理委员会发布 2020-11-20发布 2021-05-01实施 |
| ISBN 978-7-5608-9130-9:CNY20.00 |
| 为规范本市住宅工程质量潜在缺陷风险管理工作, 提升本市住宅工程整体质量水平, 制定本标准。 |
| ● |
| 相关链接 |
|
|
|
正题名:住宅工程质量潜在缺陷风险管理标准
索取号:TU712.5-65/J784
 
预约/预借
| 序号 | 登录号 | 条形码 | 馆藏地/架位号 | 状态 | 备注 |
| 1 | 1542982 | 215429828 | 建筑库201/201建筑库 25排2列1层/ [索取号:TU712.5-65/J784] | 在馆 | |
| 2 | 1542983 | 215429837 | 建筑库201/201建筑库 25排2列1层/ [索取号:TU712.5-65/J784] | 在馆 | |
| 3 | 1542984 | 215429846 | 自科二线404/201建筑库 25排2列1层/ [索取号:TU712.5-65/J784] | 在馆 |